000 00294nam a22001097a 4500
082 _a821/PER
100 _aPereira,Michelle
_983150
245 _aInner World Poems for those who are on the fence About reading Poetry
260 _aDelhi
_bMichelle pereira
_c2024
650 _aPoetry
942 _cBK
999 _c67935
_d67935